000 00699nam a2200193Ii 4500
003 JO-AjNU
008 230605s9999||||xx |||||||||||||| ||und||
040 _aJO-AjNU
_bara
_erda
_cJO-AjNU
041 _aara
050 1 4 _aKMM375.5.J6772 1982
100 3 _aاعداد المكتب الفني بادارة نبيل، طارق شفيق، نقابة المحامين,
_eauthor
_947030
245 0 0 _aمجموعة التشريعات الجزائية
264 3 1 _aعمان: نقابة المحامين، 1982
300 _a526ص
336 _atext
_btxt
_2rdacontent
337 _aunmediated
_bn
_2rdamedia
338 _avolume
_bnc
_2rdacarrier
650 4 _aقانون جنائي - الاردن
_947031
999 _aA20502
_c24070
_d24070